Born in Kumasi - Statistics

General Stats
  • This quiz has been taken 6 times
  • The average score is 6 of 10
Answer Stats
Hint Answer % Correct
Secretary-General of the United Nations from 1997 to 2006 and Nobel Peace Prize recipient 1938 Kofi Annan
100%
Former footballer who played for Frankfurt, Hamburg, Leeds and the national team of Ghana 1966 Anthony Yeboah
83%
Ghanaian-American wrestler signed to WWE 1981 Kofi Kingston
83%
Former footballer who played for Bayern Munich, Roma and the national team of Ghana 1976 Samuel Kuffour
83%
President of Ghana from 2001 to 2009 1938 John Kufuor
50%
Footballer who plays for Southampton and the national team of Ghana 1999 Mohammed Salisu
50%
Footballer who played for Freiburg, Dortmund and the national team of Ghana 1977 Ibrahim Tanko
33%
Miltary head of state of Ghana from 1972 to 1978 1931 Ignatius Kutu Acheampong
33%
Former footballer who played for Wolfsburg, Nürnberg, Bielefeld and the national team of Ghana 1981 Isaac Boakye
33%
Philosopher, one of the most renowned African philosophers 1931 Kwasi Wiredu
33%
No matching quizzes found
Score Distribution
Percent of People with Each Score
Percentile by Number Answered
Your Score History
You have not taken this quiz